[Event "2024 National Elementary (K-6) Championship"]
[Site "Columbus, Ohio, United States"]
[Date "2024.04.28"]
[Round "6.9"]
[White "Wu, Lucas"]
[Black "Joshi, Reyansh"]
[Result "1-0"]
[TimeControl "G/90; d10"]
[WhiteElo "1365"]
[BlackElo "1323"]

1. e4 {[%clk 01:30:00]} {[%emt 00:00:02]} d5 {[%clk 01:30:00]} {[%emt
00:00:09]} 2. exd5 {[%clk 01:30:00]} {[%emt 00:00:11]} Qxd5 {[%clk 01:30:00]}
{[%emt 00:00:02]} 3. Nc3 {[%clk 01:30:00]} {[%emt 00:00:09]} Qa5 {[%clk
01:30:00]} {[%emt 00:00:05]} 4. Nf3 {[%clk 01:29:51]} {[%emt 00:00:18]} Nf6
{[%clk 01:30:00]} {[%emt 00:00:05]} 5. Bc4 {[%clk 01:29:30]} {[%emt 00:00:30]}
Bf5 {[%clk 01:29:57]} {[%emt 00:00:14]} 6. d3 {[%clk 01:28:57]} {[%emt
00:00:43]} e6 {[%clk 01:29:49]} {[%emt 00:00:18]} 7. Bd2 {[%clk 01:28:28]}
{[%emt 00:00:38]} Bb4 {[%clk 01:22:28]} {[%emt 00:07:32]} 8. a3 {[%clk
01:27:35]} {[%emt 00:01:04]} Bxc3 {[%clk 01:22:25]} {[%emt 00:00:13]} 9. Bxc3
{[%emt 00:00:15]} Qb6 {[%clk 01:22:19]} {[%emt 00:00:14]} 10. h3 {[%clk
01:25:34]} {[%emt 00:02:07]} h6 {[%clk 01:18:48]} {[%emt 00:03:42]} 11. Qe2
{[%clk 01:24:04]} {[%emt 00:01:39]} Nbd7 {[%clk 01:12:30]} {[%emt 00:06:28]} 12.
O-O-O {[%clk 01:22:12]} {[%emt 00:02:02]} O-O-O {[%clk 01:11:54]} {[%emt
00:00:46]} 13. Kb1 {[%clk 01:21:23]} {[%emt 00:00:59]} Rhg8 {[%clk 01:05:39]}
{[%emt 00:06:26]} 14. Bd4 {[%clk 01:16:02]} {[%emt 00:05:30]} Qd6 {[%clk
01:02:13]} {[%emt 00:03:36]} 15. Bxa7 {[%clk 01:14:31]} {[%emt 00:01:41]} Nc5
{[%clk 00:48:35]} {[%emt 00:13:47]} 16. Bxc5 {[%clk 01:14:25]} {[%emt
00:00:17]} Qxc5 {[%clk 00:48:30]} {[%emt 00:00:16]} 17. g4 {[%clk 01:12:27]}
{[%emt 00:02:07]} Bg6 {[%clk 00:46:58]} {[%emt 00:01:41]} 18. Ne5 {[%clk
01:11:42]} {[%emt 00:00:55]} Rge8 {[%clk 00:46:12]} {[%emt 00:00:57]} 19. Nxg6
{[%clk 01:10:43]} {[%emt 00:01:08]} fxg6 {[%clk 00:46:12]} {[%emt 00:00:03]} 20.
f4 {[%clk 01:09:35]} {[%emt 00:01:19]} Nd5 {[%clk 00:45:49]} {[%emt 00:00:33]}
21. Qe5 {[%clk 01:07:49]} {[%emt 00:01:55]} Qf8 {[%clk 00:44:04]} {[%emt
00:01:56]} 22. Bxd5 {[%clk 01:05:13]} {[%emt 00:02:46]} exd5 {[%clk 00:43:37]}
{[%emt 00:00:38]} 23. Qd4 {[%clk 01:04:40]} {[%emt 00:00:39]} Kb8 {[%clk
00:43:07]} {[%emt 00:00:43]} 24. Rde1 {[%clk 01:04:00]} {[%emt 00:00:50]} Re7
{[%clk 00:42:24]} {[%emt 00:00:53]} 25. Rhf1 {[%clk 01:03:07]} {[%emt
00:01:03]} Rf7 {[%clk 00:41:04]} {[%emt 00:01:30]} 26. Ka2 {[%clk 01:01:20]}
{[%emt 00:01:56]} g5 {[%clk 00:35:51]} {[%emt 00:05:24]} 27. f5 {[%clk
00:59:43]} {[%emt 00:01:48]} Rf6 {[%clk 00:34:01]} {[%emt 00:02:00]} 28. Re5
{[%clk 00:58:22]} {[%emt 00:01:30]} Rfd6 {[%clk 00:33:32]} {[%emt 00:00:39]} 29.
Rfe1 {[%clk 00:57:59]} {[%emt 00:00:33]} b6 {[%clk 00:30:00]} {[%emt 00:03:43]}
30. Re7 {[%clk 00:57:15]} {[%emt 00:00:52]} R6d7 {[%clk 00:29:31]} {[%emt
00:00:40]} 31. Qe5 {[%clk 00:56:01]} {[%emt 00:01:21]} Kb7 {[%clk 00:28:39]}
{[%emt 00:01:06]} 32. Kb3 {[%clk 00:55:40]} {[%emt 00:00:31]} Ka7 {[%clk
00:22:44]} {[%emt 00:06:04]} 33. Rxd7 {[%clk 00:54:07]} {[%emt 00:01:43]} Rxd7
{[%clk 00:22:44]} {[%emt 00:00:02]} 34. Qd4 {[%clk 00:53:44]} {[%emt 00:00:29]}
Kb7 {[%clk 00:22:29]} {[%emt 00:00:28]} 35. Re6 {[%clk 00:53:25]} {[%emt
00:00:29]} Kb8 {[%clk 00:20:45]} {[%emt 00:01:56]} 36. Qa4 {[%clk 00:52:42]}
{[%emt 00:00:49]} Qf7 {[%clk 00:20:17]} {[%emt 00:00:40]} 37. Qc6 {[%clk
00:51:50]} {[%emt 00:01:01]} Ka7 {[%clk 00:19:45]} {[%emt 00:00:44]} 38. Kc3
{[%clk 00:51:31]} {[%emt 00:00:27]} Kb8 {[%clk 00:19:37]} {[%emt 00:00:20]} 39.
Kd4 {[%clk 00:51:10]} {[%emt 00:00:30]} Ka7 {[%clk 00:19:13]} {[%emt 00:00:35]}
40. Re5 {[%clk 00:50:23]} {[%emt 00:00:56]} Rd6 {[%clk 00:18:46]} {[%emt
00:00:38]} 41. Qa4+ {[%clk 00:49:57]} {[%emt 00:00:35]} Kb7 {[%clk 00:18:26]}
{[%emt 00:00:30]} 42. Re8 {[%clk 00:49:38]} {[%emt 00:00:30]} Qf6+ {[%clk
00:18:26]} {[%emt 00:00:06]} 43. Ke3 {[%clk 00:49:33]} {[%emt 00:00:12]} Rd8
{[%clk 00:17:52]} {[%emt 00:00:46]} 44. Rxd8 {[%clk 00:49:20]} {[%emt
00:00:23]} Qxd8 {[%clk 00:17:52]} {[%emt 00:00:02]} 45. Qd4 {[%clk 00:48:45]}
{[%emt 00:00:45]} Qe7+ {[%clk 00:17:38]} {[%emt 00:00:25]} 46. Kf2 {[%clk
00:48:30]} {[%emt 00:00:23]} Kc6 {[%clk 00:17:17]} {[%emt 00:00:32]} 47. Qe3
{[%clk 00:48:13]} {[%emt 00:00:27]} Qd6 {[%clk 00:17:04]} {[%emt 00:00:24]} 48.
Qe6 {[%clk 00:43:08]} {[%emt 00:05:15]} Qxe6 {[%clk 00:17:01]} {[%emt
00:00:13]} 49. fxe6 {[%clk 00:43:08]} {[%emt 00:00:01]} Kd6 {[%clk 00:17:01]}
{[%emt 00:00:01]} 50. Ke3 {[%clk 00:42:53]} {[%emt 00:00:25]} Kxe6 {[%clk
00:17:01]} {[%emt 00:00:03]} 51. c4 {[%clk 00:42:53]} {[%emt 00:00:09]} dxc4
{[%clk 00:16:58]} {[%emt 00:00:13]} 52. dxc4 {[%clk 00:42:47]} {[%emt
00:00:16]} Ke5 {[%clk 00:16:58]} {[%emt 00:00:01]} 53. b4 {[%clk 00:42:03]}
{[%emt 00:00:54]} g6 {[%clk 00:16:23]} {[%emt 00:00:45]} 54. a4 {[%clk
00:41:49]} {[%emt 00:00:25]} h5 {[%clk 00:16:12]} {[%emt 00:00:20]} 55. a5
{[%clk 00:41:20]} {[%emt 00:00:39]} Kd6 {[%clk 00:15:54]} {[%emt 00:00:28]} 56.
a6 {[%clk 00:41:15]} {[%emt 00:00:15]} hxg4 {[%clk 00:13:39]} {[%emt 00:02:25]}
57. hxg4 {[%clk 00:41:15]} {[%emt 00:00:09]} Kc6 {[%clk 00:13:39]} {[%emt
00:00:06]} 58. b5+ {[%clk 00:41:15]} {[%emt 00:00:10]} Kc5 {[%clk 00:13:39]}
{[%emt 00:00:03]} 59. a7 {[%clk 00:41:15]} {[%emt 00:00:07]} Kxc4 {[%clk
00:13:39]} {[%emt 00:00:05]} 60. a8=Q {[%clk 00:41:15]} {[%emt 00:00:09]} Kxb5
{[%clk 00:13:39]} {[%emt 00:00:02]} 61. Qd5+ {[%clk 00:40:36]} {[%emt
00:00:48]} Kb4 {[%clk 00:13:39]} {[%emt 00:00:03]} 62. Kd3 {[%clk 00:40:25]}
{[%emt 00:00:21]} c5 {[%clk 00:13:21]} {[%emt 00:00:28]} 63. Qc4+ {[%clk
00:40:17]} {[%emt 00:00:17]} Ka5 {[%clk 00:13:21]} {[%emt 00:00:02]} 64. Kc3
{[%clk 00:40:02]} {[%emt 00:00:27]} b5 {[%clk 00:13:14]} {[%emt 00:00:17]} 65.
Qxc5 {[%clk 00:39:53]} {[%emt 00:00:19]} Ka6 {[%clk 00:13:08]} {[%emt
00:00:16]} 66. Kb4 {[%clk 00:39:53]} {[%emt 00:00:10]} Kb7 {[%clk 00:13:08]}
{[%emt 00:00:11]} 67. Kxb5 {[%clk 00:39:53]} {[%emt 00:00:10]} Ka8 {[%clk
00:13:08]} {[%emt 00:00:03]} 68. Qe7 {[%clk 00:39:50]} {[%emt 00:00:12]} Kb8
{[%clk 00:13:08]} {[%emt 00:00:08]} 69. Qd7 {[%clk 00:39:25]} {[%emt 00:00:35]}
Ka8 {[%emt 00:00:06]} 70. Kb6 {[%clk 00:39:25]} {[%emt 00:00:01]} Kb8 {[%clk
00:13:08]} {[%emt 00:00:08]} 71. Qb7# {[%clk 01:30:00]} 1-0

[Event "2024 National Elementary (K-6) Championship"]
[Site "Columbus, Ohio, United States"]
[Date "2024.04.28"]
[Round "6.10"]
[White "Sanchala, Kieran"]
[Black "Liu, Matthew"]
[Result "0-1"]
[TimeControl "G/90; d10"]
[WhiteElo "1223"]
[BlackElo "1186"]

1. e4 {[%clk 01:30:00]} e5 {[%clk 01:30:00]} {[%emt 00:00:03]} 2. Nf3 {[%clk
01:30:00]} {[%emt 00:00:04]} Nc6 {[%clk 01:30:00]} {[%emt 00:00:07]} 3. d4
{[%clk 01:30:00]} {[%emt 00:00:03]} exd4 {[%clk 01:30:00]} {[%emt 00:00:07]} 4.
Bc4 {[%clk 01:30:00]} {[%emt 00:00:03]} Bb4+ {[%clk 01:29:05]} {[%emt
00:01:06]} 5. c3 {[%clk 01:30:00]} {[%emt 00:00:03]} dxc3 {[%clk 01:28:56]}
{[%emt 00:00:18]} 6. bxc3 {[%clk 01:30:00]} {[%emt 00:00:04]} Ba5 {[%clk
01:28:06]} {[%emt 00:00:57]} 7. O-O {[%clk 01:29:54]} {[%emt 00:00:19]} Nge7
{[%clk 01:27:34]} {[%emt 00:00:37]} 8. Qb3 {[%clk 01:29:34]} {[%emt 00:00:35]}
O-O {[%clk 01:27:10]} {[%emt 00:00:33]} 9. Bf4 {[%clk 01:29:18]} {[%emt
00:00:27]} h6 {[%clk 01:25:19]} {[%emt 00:02:00]} 10. Na3 {[%clk 01:28:37]}
{[%emt 00:00:52]} Bb6 {[%clk 01:22:04]} {[%emt 00:03:25]} 11. Ne5 {[%clk
01:28:01]} {[%emt 00:00:47]} Nxe5 {[%clk 01:21:30]} {[%emt 00:00:44]} 12. Bxe5
{[%clk 01:28:01]} {[%emt 00:00:07]} Nc6 {[%clk 01:18:11]} {[%emt 00:03:27]} 13.
Qb5 {[%clk 01:27:31]} {[%emt 00:00:40]} Qe7 {[%clk 01:15:55]} {[%emt 00:02:10]}
14. Bg3 {[%clk 01:25:53]} {[%emt 00:02:05]} Qxa3 {[%clk 01:15:21]} {[%emt
00:00:43]} 15. Qf5 {[%clk 01:23:51]} {[%emt 00:02:11]} Qc5 {[%clk 01:13:17]}
{[%emt 00:02:13]} 16. Qxc5 {[%clk 01:23:48]} {[%emt 00:00:16]} Bxc5 {[%clk
01:13:17]} {[%emt 00:00:07]} 17. Bxc7 {[%clk 01:23:48]} {[%emt 00:00:04]} b6
{[%clk 01:10:02]} {[%emt 00:03:19]} 18. Bg3 {[%clk 01:23:21]} {[%emt 00:00:43]}
Bb7 {[%clk 01:09:12]} {[%emt 00:00:58]} 19. Bd5 {[%clk 01:23:21]} {[%emt
00:00:04]} d6 {[%clk 01:08:45]} {[%emt 00:00:31]} 20. c4 {[%clk 01:23:21]}
{[%emt 00:00:13]} Na5 {[%clk 01:07:36]} {[%emt 00:01:20]} 21. Kh1 {[%clk
01:22:54]} {[%emt 00:00:37]} Bxd5 {[%clk 01:07:07]} {[%emt 00:00:37]} 22. cxd5
{[%clk 01:22:54]} {[%emt 00:00:04]} f5 {[%clk 00:59:44]} {[%emt 00:07:32]} 23.
f3 {[%clk 01:21:52]} {[%emt 00:01:14]} fxe4 {[%clk 00:59:32]} {[%emt 00:00:21]}
24. fxe4 {[%clk 01:21:52]} {[%emt 00:00:06]} Rxf1+ {[%clk 00:59:11]} {[%emt
00:00:30]} 25. Rxf1 {[%clk 01:21:52]} {[%emt 00:00:03]} Rf8 {[%clk 00:59:06]}
{[%emt 00:00:15]} 26. Rc1 {[%clk 01:21:47]} {[%emt 00:00:16]} Nc4 {[%clk
00:58:03]} {[%emt 00:01:10]} 27. h4 {[%clk 01:21:29]} {[%emt 00:00:30]} Nd2
{[%clk 00:57:38]} {[%emt 00:00:31]} 28. Re1 {[%clk 01:21:08]} {[%emt 00:00:36]}
Rf1+ {[%clk 00:57:30]} {[%emt 00:00:16]} 29. Rxf1 {[%clk 01:21:08]} {[%emt
00:00:05]} Nxf1 {[%clk 00:57:30]} {[%emt 00:00:11]} 30. Bf4 {[%clk 01:21:07]}
{[%emt 00:00:10]} Ne3 {[%clk 00:56:58]} {[%emt 00:00:34]} 31. g3 {[%clk
01:21:07]} {[%emt 00:00:16]} Ng4 {[%clk 00:56:09]} {[%emt 00:00:57]} 32. Kg2
{[%clk 01:20:58]} {[%emt 00:00:21]} Kf7 {[%clk 00:55:22]} {[%emt 00:00:55]} 0-1

[Event "2024 National Elementary (K-6) Championship"]
[Site "Columbus, Ohio, United States"]
[Date "2024.04.28"]
[Round "6.11"]
[White "Wang, Ted"]
[Black "Mulay, Vivan Prakash"]
[Result "1-0"]
[TimeControl "G/90; d10"]
[WhiteFideId "30990459"]
[BlackFideId "39914984"]
[WhiteElo "2130"]
[BlackElo "1978"]

1. e4 {[%clk 01:29:59]} {[%emt 00:00:11]} c5 {[%clk 01:30:00]} 2. Nf3 {[%clk
01:29:59]} {[%emt 00:00:06]} d6 {[%clk 01:30:00]} {[%emt 00:00:06]} 3. d3
{[%clk 01:29:20]} {[%emt 00:00:51]} Nf6 {[%clk 01:29:48]} {[%emt 00:00:16]} 4.
g3 {[%clk 01:29:20]} {[%emt 00:00:11]} g6 {[%clk 01:29:48]} {[%emt 00:00:04]} 5.
Bg2 {[%clk 01:29:20]} {[%emt 00:00:07]} Bg7 {[%clk 01:29:48]} {[%emt 00:00:04]}
6. O-O {[%clk 01:29:20]} {[%emt 00:00:06]} O-O {[%clk 01:29:45]} {[%emt
00:00:13]} 7. Qe2 {[%clk 01:29:12]} {[%emt 00:00:18]} Nc6 {[%clk 01:29:45]}
{[%emt 00:00:09]} 8. c3 {[%clk 01:29:11]} {[%emt 00:00:11]} e5 {[%clk
01:29:30]} {[%emt 00:00:24]} 9. Nbd2 {[%clk 01:28:47]} {[%emt 00:00:34]} Re8
{[%clk 01:29:17]} {[%emt 00:00:23]} 10. Ne1 {[%clk 01:28:35]} {[%emt 00:00:22]}
d5 {[%clk 01:23:27]} {[%emt 00:06:01]} 11. Nc2 {[%clk 01:26:24]} {[%emt
00:02:20]} Be6 {[%clk 01:12:35]} {[%emt 00:11:02]} 12. f4 {[%clk 01:23:46]}
{[%emt 00:02:48]} exf4 {[%clk 01:06:58]} {[%emt 00:05:48]} 13. gxf4 {[%clk
01:23:46]} {[%emt 00:00:08]} Qb6 {[%clk 01:02:14]} {[%emt 00:04:54]} 14. Kh1
{[%clk 01:22:40]} {[%emt 00:01:16]} c4 {[%clk 01:02:07]} {[%emt 00:00:16]} 15.
dxc4 {[%clk 01:21:05]} {[%emt 00:01:47]} dxe4 {[%clk 01:00:58]} {[%emt
00:01:19]} 16. Ne3 {[%clk 01:20:24]} {[%emt 00:00:51]} Ne7 {[%clk 00:51:55]}
{[%emt 00:09:12]} 17. Nb3 {[%clk 01:18:19]} {[%emt 00:02:15]} Rac8 {[%clk
00:50:59]} {[%emt 00:01:06]} 18. Nd4 {[%clk 01:17:49]} {[%emt 00:00:41]} Nc6
{[%clk 00:50:25]} {[%emt 00:00:37]} 19. Nxe6 {[%clk 01:17:23]} {[%emt
00:00:43]} Rxe6 {[%clk 00:50:25]} {[%emt 00:00:09]} 20. Bh3 {[%clk 01:17:12]}
{[%emt 00:00:21]} Rce8 {[%clk 00:49:33]} {[%emt 00:01:01]} 21. Bxe6 {[%clk
01:16:57]} {[%emt 00:00:26]} Rxe6 {[%clk 00:49:19]} {[%emt 00:00:24]} 22. Nd5
{[%clk 01:16:52]} {[%emt 00:00:15]} Qd8 {[%clk 00:47:55]} {[%emt 00:01:34]} 23.
Rd1 {[%clk 01:16:26]} {[%emt 00:00:36]} Nd7 {[%clk 00:43:22]} {[%emt 00:04:41]}
24. Be3 {[%clk 01:15:13]} {[%emt 00:01:16]} f5 {[%clk 00:43:22]} {[%emt
00:00:14]} 25. Qf2 {[%clk 01:14:42]} {[%emt 00:00:42]} a6 {[%clk 00:42:55]}
{[%emt 00:00:36]} 26. Nb6 {[%clk 01:14:29]} {[%emt 00:00:24]} Re7 {[%clk
00:42:55]} {[%emt 00:00:06]} 27. Rd5 {[%clk 01:14:09]} {[%emt 00:00:30]} Qe8
{[%clk 00:42:46]} {[%emt 00:00:18]} 28. Nxd7 {[%clk 01:14:09]} {[%emt
00:00:11]} Rxd7 {[%clk 00:42:46]} {[%emt 00:00:04]} 29. Rad1 {[%clk 01:14:09]}
{[%emt 00:00:09]} Rxd5 {[%clk 00:42:46]} {[%emt 00:00:10]} 30. cxd5 {[%clk
01:14:03]} {[%emt 00:00:16]} Qd7 {[%clk 00:42:46]} {[%emt 00:00:08]} 31. Qe2
{[%clk 01:14:03]} {[%emt 00:00:10]} Ne7 {[%clk 00:42:35]} {[%emt 00:00:20]} 32.
c4 {[%clk 01:14:03]} {[%emt 00:00:11]} Kf7 {[%clk 00:42:00]} {[%emt 00:00:44]}
33. b3 {[%clk 01:13:56]} {[%emt 00:00:17]} Bf6 {[%clk 00:40:56]} {[%emt
00:01:14]} 34. Qf2 {[%clk 01:13:49]} {[%emt 00:00:17]} Qd6 {[%clk 00:40:23]}
{[%emt 00:00:43]} 35. c5 {[%clk 01:13:49]} {[%emt 00:00:06]} Qd7 {[%clk
00:40:23]} {[%emt 00:00:05]} 36. Qd2 {[%clk 01:13:48]} {[%emt 00:00:11]} h5
{[%clk 00:40:17]} {[%emt 00:00:15]} 37. a4 {[%clk 01:13:19]} {[%emt 00:00:39]}
h4 {[%clk 00:40:17]} {[%emt 00:00:10]} 38. h3 {[%clk 01:13:19]} {[%emt
00:00:03]} Qe8 {[%clk 00:40:11]} {[%emt 00:00:15]} 39. Qe2 {[%clk 01:13:16]}
{[%emt 00:00:13]} Qd7 {[%clk 00:40:11]} {[%emt 00:00:05]} 40. Qc4 {[%clk
01:13:16]} {[%emt 00:00:07]} Kf8 {[%clk 00:40:11]} {[%emt 00:00:06]} 41. d6
{[%clk 01:13:02]} {[%emt 00:00:27]} Nc6 {[%clk 00:39:45]} {[%emt 00:00:36]} 42.
b4 {[%clk 01:12:54]} {[%emt 00:00:18]} Qh7 {[%clk 00:39:45]} {[%emt 00:00:09]}
43. b5 {[%clk 01:12:00]} {[%emt 00:01:05]} Qh5 {[%clk 00:39:45]} {[%emt
00:00:05]} 44. Rf1 {[%emt 00:01:16]} Nb4 {[%clk 00:38:05]} {[%emt 00:00:40]} 45.
Qxb4 {[%clk 01:11:45]} {[%emt 00:00:25]} Qe2 {[%clk 00:38:05]} {[%emt
00:00:05]} 46. Qe1 {[%clk 01:11:42]} {[%emt 00:00:13]} Qc4 {[%clk 00:38:05]}
{[%emt 00:00:09]} 47. Qc1 {[%clk 01:11:16]} {[%emt 00:00:36]} Qxa4 {[%clk
00:37:58]} {[%emt 00:00:16]} 48. c6 {[%clk 01:11:16]} {[%emt 00:00:09]} bxc6
{[%clk 00:37:58]} {[%emt 00:00:04]} 49. bxc6 {[%clk 01:11:16]} {[%emt
00:00:09]} Bd8 {[%clk 00:37:56]} {[%emt 00:00:12]} 50. c7 {[%clk 01:11:16]}
{[%emt 00:00:05]} Qd7 {[%clk 00:37:56]} {[%emt 00:00:04]} 51. c8=Q {[%clk
01:11:10]} {[%emt 00:00:15]} Qxc8 {[%clk 00:37:56]} {[%emt 00:00:03]} 52. Qxc8
{[%clk 01:11:09]} {[%emt 00:00:11]} Ke8 {[%clk 00:37:56]} {[%emt 00:00:02]} 53.
d7+ {[%clk 01:11:09]} {[%emt 00:00:08]} Kf7 {[%clk 00:37:56]} {[%emt 00:00:04]}
54. Qxd8 {[%clk 01:11:06]} {[%emt 00:00:15]} Ke6 {[%clk 00:37:56]} {[%emt
00:00:05]} 55. Qe8+ {[%clk 01:11:06]} {[%emt 00:00:06]} Kd5 {[%clk 00:37:56]}
{[%emt 00:00:05]} 56. d8=Q+ {[%clk 01:11:05]} {[%emt 00:00:12]} Kc4 {[%clk
00:37:56]} {[%emt 00:00:03]} 57. Qd4+ {[%clk 01:11:05]} {[%emt 00:00:08]} Kb3
{[%clk 00:37:56]} {[%emt 00:00:05]} 58. Qb5+ {[%clk 01:10:51]} {[%emt
00:00:17]} axb5 {[%clk 00:37:56]} {[%emt 00:00:14]} 59. Rb1+ {[%clk 01:10:51]}
{[%emt 00:00:06]} Kc2 {[%clk 00:37:55]} {[%emt 00:00:10]} 60. Qc3+ {[%emt
00:00:10]} Kd3 {[%clk 00:37:55]} {[%emt 00:00:11]} 61. Qd4+ {[%clk 01:10:38]}
{[%emt 00:00:14]} Ke2 {[%clk 00:37:55]} {[%emt 00:00:05]} 62. Qd2+ {[%clk
01:10:33]} {[%emt 00:00:15]} Kf3 {[%clk 00:37:55]} {[%emt 00:00:06]} 63. Rf1+
{[%clk 01:10:33]} {[%emt 00:00:02]} Kg3 {[%clk 00:37:55]} {[%emt 00:00:10]} 64.
Qh2# {[%clk 01:10:33]} {[%emt 00:00:04]} 1-0

[Event "2024 National Elementary (K-6) Championship"]
[Site "Columbus, Ohio, United States"]
[Date "2024.04.28"]
[Round "6.12"]
[White "Radhakrishnan, Sharath"]
[Black "Srinivasan, Sivavishnu"]
[Result "1-0"]
[TimeControl "G/90; d10"]
[WhiteFideId "39900452"]
[BlackFideId "39902242"]
[WhiteElo "2205"]
[BlackElo "2047"]

1. e4 {[%clk 01:30:00]} {[%emt 00:00:02]} c6 {[%clk 01:30:00]} {[%emt
00:00:03]} 2. d4 {[%clk 01:30:00]} {[%emt 00:00:09]} d5 {[%clk 01:30:00]}
{[%emt 00:00:03]} 3. Nc3 {[%clk 01:29:58]} {[%emt 00:00:07]} dxe4 {[%clk
01:30:00]} {[%emt 00:00:10]} 4. Nxe4 {[%clk 01:29:58]} {[%emt 00:00:03]} Nf6
{[%clk 01:30:00]} {[%emt 00:00:05]} 5. Nxf6+ {[%clk 01:29:58]} {[%emt
00:00:04]} exf6 {[%clk 01:30:00]} {[%emt 00:00:03]} 6. c3 {[%clk 01:29:58]}
{[%emt 00:00:08]} Bd6 {[%clk 01:30:00]} {[%emt 00:00:02]} 7. Bd3 {[%clk
01:29:58]} {[%emt 00:00:06]} O-O {[%clk 01:30:00]} {[%emt 00:00:08]} 8. Qc2
{[%clk 01:29:53]} {[%emt 00:00:14]} Re8+ {[%clk 01:30:00]} {[%emt 00:00:03]} 9.
Ne2 {[%clk 01:29:53]} {[%emt 00:00:05]} h5 {[%clk 01:30:00]} {[%emt 00:00:04]}
10. O-O {[%clk 01:29:39]} {[%emt 00:00:23]} Nd7 {[%clk 01:29:44]} {[%emt
00:00:27]} 11. Bd2 {[%clk 01:25:10]} {[%emt 00:04:39]} Nf8 {[%clk 01:26:56]}
{[%emt 00:02:58]} 12. Rae1 {[%clk 01:24:12]} {[%emt 00:01:08]} h4 {[%clk
01:25:24]} {[%emt 00:01:42]} 13. h3 {[%clk 01:24:01]} {[%emt 00:00:20]} Qc7
{[%clk 01:20:55]} {[%emt 00:04:40]} 14. c4 {[%clk 01:17:18]} {[%emt 00:06:53]}
b6 {[%clk 01:19:45]} {[%emt 00:01:20]} 15. Nc3 {[%clk 01:09:52]} {[%emt
00:07:35]} Bd7 {[%clk 01:17:44]} {[%emt 00:02:11]} 16. Qd1 {[%clk 01:07:23]}
{[%emt 00:02:38]} Rxe1 {[%clk 01:14:30]} {[%emt 00:03:25]} 17. Rxe1 {[%clk
01:07:23]} {[%emt 00:00:07]} Qc8 {[%clk 01:06:37]} {[%emt 00:08:04]} 18. Qh5
{[%clk 00:55:50]} {[%emt 00:11:42]} Bxh3 {[%clk 01:01:04]} {[%emt 00:05:43]} 19.
gxh3 {[%clk 00:54:10]} {[%emt 00:01:51]} Qxh3 {[%clk 01:00:12]} {[%emt
00:01:01]} 20. Qf5 {[%clk 00:53:57]} {[%emt 00:00:21]} Qh2+ {[%clk 00:57:33]}
{[%emt 00:02:52]} 21. Kf1 {[%clk 00:53:57]} {[%emt 00:00:06]} h3 {[%clk
00:53:14]} {[%emt 00:04:28]} 22. Qf3 {[%clk 00:53:02]} {[%emt 00:01:05]} Ne6
{[%clk 00:46:18]} {[%emt 00:07:07]} 23. Ne2 {[%clk 00:26:26]} {[%emt 00:26:46]}
Rd8 {[%clk 00:25:36]} {[%emt 00:20:51]} 24. Bf5 {[%clk 00:24:27]} {[%emt
00:02:09]} Be7 {[%clk 00:14:05]} {[%emt 00:11:41]} 25. Qxh3 {[%clk 00:24:13]}
{[%emt 00:00:24]} Qxh3+ {[%clk 00:14:04]} {[%emt 00:00:11]} 26. Bxh3 {[%clk
00:24:13]} {[%emt 00:00:05]} Nxd4 {[%clk 00:14:04]} {[%emt 00:00:09]} 27. Nxd4
{[%clk 00:24:13]} {[%emt 00:00:05]} Rxd4 {[%clk 00:14:04]} {[%emt 00:00:06]} 28.
Bc3 {[%clk 00:24:13]} {[%emt 00:00:07]} Rh4 {[%clk 00:13:44]} {[%emt 00:00:24]}
29. Rxe7 {[%clk 00:24:13]} {[%emt 00:00:11]} Rxh3 {[%clk 00:13:44]} {[%emt
00:00:05]} 30. Rxa7 {[%clk 00:24:13]} {[%emt 00:00:10]} Rh4 {[%clk 00:13:44]}
{[%emt 00:00:06]} 31. b3 {[%clk 00:24:05]} {[%emt 00:00:19]} b5 {[%clk
00:13:18]} {[%emt 00:00:36]} 32. cxb5 {[%clk 00:24:05]} {[%emt 00:00:08]} cxb5
{[%clk 00:13:04]} {[%emt 00:00:23]} 33. Rb7 {[%clk 00:23:48]} {[%emt 00:00:27]}
Rh1+ {[%clk 00:13:04]} {[%emt 00:00:06]} 34. Kg2 {[%clk 00:23:44]} {[%emt
00:00:09]} Rc1 {[%clk 00:13:04]} {[%emt 00:00:11]} 35. Bd4 {[%clk 00:23:14]}
{[%emt 00:00:39]} Rd1 {[%clk 00:13:04]} {[%emt 00:00:11]} 36. Bc5 {[%clk
00:23:03]} {[%emt 00:00:19]} Ra1 {[%clk 00:13:04]} {[%emt 00:00:07]} 37. a3
{[%clk 00:23:03]} {[%emt 00:00:05]} g5 {[%clk 00:13:04]} {[%emt 00:00:09]} 38.
Rxb5 {[%clk 00:23:03]} {[%emt 00:00:08]} Rc1 {[%clk 00:13:04]} {[%emt
00:00:05]} 39. a4 {[%clk 00:23:03]} {[%emt 00:00:04]} Kg7 {[%clk 00:13:04]}
{[%emt 00:00:06]} 40. a5 {[%clk 00:23:03]} {[%emt 00:00:04]} Ra1 {[%clk
00:12:57]} {[%emt 00:00:17]} 41. b4 {[%clk 00:23:01]} {[%emt 00:00:11]} Ra4
{[%clk 00:12:47]} {[%emt 00:00:22]} 42. Rb6 {[%clk 00:22:57]} {[%emt 00:00:13]}
Ra2 {[%clk 00:12:47]} {[%emt 00:00:06]} 43. a6 {[%clk 00:22:57]} {[%emt
00:00:08]} f5 {[%clk 00:12:47]} {[%emt 00:00:05]} 44. Bd4+ {[%clk 00:22:57]}
{[%emt 00:00:07]} Kh7 {[%clk 00:12:47]} {[%emt 00:00:09]} 45. b5 {[%clk
00:22:57]} {[%emt 00:00:04]} g4 {[%clk 00:12:47]} {[%emt 00:00:07]} 46. a7
{[%clk 00:22:57]} {[%emt 00:00:09]} f4 {[%clk 00:12:47]} {[%emt 00:00:10]} 47.
Rb8 {[%clk 00:22:57]} {[%emt 00:00:08]} f3+ {[%clk 00:12:44]} {[%emt 00:00:13]}
48. Kg3 {[%clk 00:22:57]} {[%emt 00:00:04]} Ra4 {[%clk 00:11:59]} {[%emt
00:00:53]} 49. a8=Q {[%clk 00:22:40]} {[%emt 00:00:27]} Rxd4 {[%clk 00:11:59]}
{[%emt 00:00:06]} 50. Rh8+ {[%clk 00:22:40]} {[%emt 00:00:05]} Kg6 {[%clk
00:11:59]} {[%emt 00:00:04]} 51. Qg8+ {[%clk 00:22:39]} {[%emt 00:00:10]} Kf6
{[%clk 00:11:59]} {[%emt 00:00:04]} 52. Rh6+ {[%clk 00:22:39]} {[%emt
00:00:06]} Ke7 {[%clk 00:11:59]} {[%emt 00:00:05]} 53. Qg5+ {[%clk 00:22:39]}
{[%emt 00:00:06]} Kd7 {[%clk 00:11:59]} {[%emt 00:00:04]} 54. Rf6 {[%emt
00:00:45]} Re4 {[%clk 00:11:20]} {[%emt 00:00:10]} 55. Qd5+ {[%clk 00:22:39]}
{[%emt 00:00:04]} Ke7 {[%clk 00:11:20]} {[%emt 00:00:06]} 56. Qxf7+ {[%clk
00:22:39]} {[%emt 00:00:10]} Kd8 {[%clk 00:11:20]} {[%emt 00:00:06]} 57. Rd6+
{[%clk 00:22:39]} {[%emt 00:00:05]} Kc8 {[%clk 00:11:20]} {[%emt 00:00:04]} 58.
Qd7+ {[%clk 00:22:39]} {[%emt 00:00:08]} Kb8 {[%clk 00:11:20]} {[%emt
00:00:03]} 59. Rb6+ {[%clk 00:22:39]} {[%emt 00:00:03]} Ka8 {[%clk 00:11:14]}
{[%emt 00:00:17]} 60. Qb7# {[%clk 00:22:22]} {[%emt 00:00:21]} 1-0